Statistiques concernant Nommez une réponse valide - Cinéma

Cliquez ici pour prendre le quiz!

Statistiques générales

  • Ce quiz a été pris 14 080 fois
    (13 800 depuis la dernière actualisation)
  • Le résultat moyen est 10 sur 16

Statistiques - réponses

QuestionRéponse% Correct
Acteur ayant joué le rôle de Batman dans un film au cinémaAdam West | Michael Keaton | Val Kilmer | George Clooney | Christian Bale | Ben Affleck | Robert Pattinson
81%
Film dans le top 3 Français en nombre d'entrées au cinémaTitanic | Bienvenue chez les Ch'tis | Intouchables
80%
Film de Luc Besson dont le titre est uniquement constitué d'un prénomNikita | Léon | Angel-A | Lucy | Anna
77%
Acteur ayant interprété Spiderman dans un film au cinémaAndrew Garfield | Tobey Maguire | Nicholas Hammond | Tom Holland
76%
Film ayant reçu au moins 10 oscarsBen-Hur | Titanic | Le Retour du Roi | West Side Story
75%
Année de sortie de l'un des films de la saga "Indiana Jones"1981 | 1984 | 1989 | 2008 | 2023
72%
Film avec Louis de Funès sorti après 1975L'Aile ou la Cuisse | La Zizanie | L’Avare | La Soupe aux choux | Le Gendarme et les Gendarmettes | Le Gendarme et les Extra-terrestres
67%
Long métrage des studios Pixar sorti dans les années 90Toy Story | Toy Story 2 | 1001 Pattes
63%
Film signé "Les Inconnus"Les Trois Frères | Le Pari | Les Rois Mages | Les Trois Frères : Le Retour
62%
Film réalisé par Spielberg, sorti dans les années 90Hook | Jurassic Park | La Liste de Schindler | Le Monde perdu : Jurassic Park | Amistad | Il faut sauver le soldat Ryan
60%
Année visitée par les héros dans l'un des films "Retour vers le futur"1985 | 1955 | 2015 | 1885
59%
James Bond girl françaiseClaudine Auger | Corinne Cléry | Carole Bouquet | Sophie Marceau | Eva Green | Olga Kurylenko | Bérénice Marlohe | Léa Seydoux
54%
Classiques d'animation Disney sortis pendant la 2nde guerre mondialePinocchio | Fantasia | Dumbo | Bambi | Saludos Amigos | Les Trois Caballeros
53%
Le titre complet d'un des films de la trilogie "la septième compagnie"Mais où est donc passée la septième compagnie ? | On a retrouvé la septième compagnie | La Septième Compagnie au clair de lune
30%
Film ou l'on retrouve à la fois Jennifer Lawrence et Bradley CooperHappiness Therapy | Serena | American Bluff | Joy
28%
Réalisateur de l'un des films de la saga "Taxi" en FranceGérard Pirès | Gérard Krawczyk | Franck Gastambide
27%

Distribution des résultats

Percentile par nombre de réponses

% des personnes avec chaque résultat

Votre développement - résultats

Vous n’avez pas pris ce quiz depuis la dernière actualisation